Soveršenstvovanije učebnych planov i programm na baze setevogo planirovanija /

Uložené v:
Podrobná bibliografia
Hlavný autor: Čerkasov, Boris Petrovič
Médium: Kniha
Jazyk:Russian
Vydané: Moskva : Vysšaja škola, 1975.
Vydanie:1. izd.
ISBN: (brož.)
Fyzický popis: 75 s.
Tagy: Pridať tag
Žiadne tagy, Buďte prvý kto otaguje tento záznam!

MARC

LEADER 00000nam a2200000 a 4500
001 000157708
005 20091228201149.0
008 061213s1975 ru rus d
020 |a (brož.) 
040 |a SVKKK  |b slo  |c SVKKK  |e AACR2 
041 0 |a rus 
044 |a ru  |c RU 
100 1 |a Čerkasov, Boris Petrovič 
245 1 0 |a Soveršenstvovanije učebnych planov i programm na baze setevogo planirovanija /  |c Boris Petrovič Čerkasov. 
250 |a 1. izd. 
260 |a Moskva :  |b Vysšaja škola,  |c 1975. 
300 |a 75 s. 
910 |a svkkk 
998 |a BK 
090 |g SCKHL  |k Sklad Pribinova 2. posch.  |a III.110262  |j 547646  |i 157708-10  |4 Zastaraná  |s Vyradená